Experiencia y significado del movimiento de los trabajadores bananeros de Bocas del Toro en 1960 /

Сохранить в:
Библиографические подробности
Главный автор: Pereira Burgos, César
Формат: Текст
Предметы:
Метки: Добавить метку
Нет меток, Требуется 1-ая метка записи!

MARC

LEADER 00000 a a2200000 04500
001 9409
003
040
100 |a Pereira Burgos, César  
245 |a Experiencia y significado del movimiento de los trabajadores bananeros de Bocas del Toro en 1960 /  |c César Pereira Burgos 
650 |a HUELGUISTAS  
650 |a HUELGAS  
650 |a BANANOS  
650 |a TRABAJADORES AGRICOLAS  
650 |a SINDICATOS  
650 |a GOBIERNO  
650 |a CORRUPCION  
650 |a PANAMA  
773 |g número 454 -455; páginas 119-135  
999 |c 21893  |d 21893